| 000 | 00399nam a22001457a 4500 | ||
|---|---|---|---|
| 020 | _a9780226028569 | ||
| 082 | _a378.198 ARU | ||
| 100 | _aArum, Richard | ||
| 245 | _a Academically adrift : limited learning on college campuses | ||
| 260 |
_aUSA _bChicago Press _c2011 |
||
| 300 |
_aix, 259p. : _e22 cm |
||
| 650 | _aCritical thinking--Study and teaching | ||
| 700 | _aRichard Arum | ||
| 942 | _cBK | ||
| 999 |
_c11853 _d11853 |
||